[Event "US Open-116"]
[Site "Phoenix"]
[Date "2015.08.02"]
[Round "2"]
[White "Dong, Alice"]
[Black "Kulkarni, Soumya"]
[Result "1-0"]
[WhiteElo "1841"]
[BlackElo "1642"]
[PlyCount "115"]
[EventDate "2015.08.01"]
[EventType "swiss"]
[EventRounds "9"]
[EventCountry "USA"]
[SourceTitle "CBM 167 Extra"]
[Source "ChessBase"]
[SourceDate "2015.09.14"]
[SourceVersion "1"]
[SourceVersionDate "2015.09.14"]
[SourceQuality "1"]

1. e4 e5 2. Nf3 Nc6 3. Bb5 a6 4. Ba4 Nf6 5. 0-0 b5 6. Bb3 Bc5 7. Qe2 Bb7 8. d3 0-0 9. h3 d6 10. c3 h6 11. Re1 Re8 12. Nbd2 Qd7 13. Nf1 d5 14. Ng3 dxe4 15. dxe4 Rad8 16. Bc2 Bd6 17. Nh4 Ne7 18. Qf3 Kh7 19. Nhf5 Nxf5 20. Nxf5 Rg8 21. Be3 Ne8 22. Bb3 c5 23. Qh5 Bxe4 24. Nxh6 Bg6 25. Bc2 f5 26. Bxf5 Qxf5 27. Qxf5 Bxf5 28. Nxf5 c4 29. Rad1 Bc7 30. Rxd8 Bxd8 31. Rd1 Nf6 32. Rd6 a5 33. Ra6 Nd5 34. Bc5 Nf4 35. Bb6 a4 36. Be3 Nd3 37. Nd6 Nxb2 38. Nxb5 Bf6 39. Nd6 Be7 40. Nf5 Bf6 41. g4 Nd1 42. Rxa4 Nxc3 43. Rxc4 Nxa2 44. g5 Bd8 45. Bd2 Kg6 46. Nh4+ Kh5 47. Nf3 Bb6 48. Ra4 Rf8 49. Kg2 e4 50. Rxe4 Ra8 51. g6 Rc8 52. Re5+ Kxg6 53. Re6+ Kf7 54. Rxb6 Nc3 55. Ng5+ Ke7 56. Rb7+ Kf6 57. Bxc3+ Rxc3 58. Ne4+ 1-0

[Event "Wch U14 Girls"]
[Site "Durban"]
[Date "2014.09.27"]
[Round "9"]
[White "Broly, Mathilde"]
[Black "Kulkarni, Soumya"]
[Result "1-0"]
[WhiteElo "1809"]
[BlackElo "1622"]
[PlyCount "32"]
[EventDate "2014.09.20"]
[EventType "swiss"]
[EventRounds "11"]
[EventCountry "RSA"]
[SourceTitle "CBM 162 Extra"]
[Source "ChessBase"]
[SourceDate "2014.10.17"]
[SourceVersion "1"]
[SourceVersionDate "2014.10.17"]
[SourceQuality "1"]

1. Nf3 Nf6 2. g3 e6 3. Bg2 d5 4. d4 Be7 5. 0-0 0-0 6. c4 b6 7. Nc3 Bb7 8. Ne5 Nbd7 9. Qa4 Nxe5 10. dxe5 Ng4 11. cxd5 Nxe5 12. d6 Bxg2 13. dxe7 Qxe7 14. Kxg2 Rfd8 15. f4 Ng6 16. Rd1 e5 1-0

[Event "Wch U14 Girls"]
[Site "Durban"]
[Date "2014.09.20"]
[Round "1"]
[White "Kozina, Anastasia"]
[Black "Kulkarni, Soumya"]
[Result "1-0"]
[WhiteElo "1988"]
[BlackElo "1622"]
[PlyCount "85"]
[EventDate "2014.09.20"]
[EventType "swiss"]
[EventRounds "11"]
[EventCountry "RSA"]
[SourceTitle "CBM 162 Extra"]
[Source "ChessBase"]
[SourceDate "2014.10.17"]
[SourceVersion "1"]
[SourceVersionDate "2014.10.17"]
[SourceQuality "1"]

1. e4 e5 2. Nf3 Nc6 3. Bb5 a6 4. Ba4 Nf6 5. Bxc6 dxc6 6. d3 Bg4 7. h3 Bxf3 8. Qxf3 Qd7 9. Nd2 Qe6 10. 0-0 Bc5 11. Nc4 Nd7 12. b3 0-0-0 13. Bd2 h5 14. b4 Be7 15. Ne3 g5 16. Qf5 Qf6 17. a4 b6 18. b5 cxb5 19. Nd5 Qd6 20. axb5 a5 21. Bb4 axb4 22. Ra7 Qe6 23. Rfa1 Rde8 24. Rxc7+ Kb8 25. Rxd7 Qxf5 26. exf5 Bc5 27. Rda7 Kc8 28. Ra8+ Kd7 29. Nf6+ Ke7 30. Nxe8 Rxe8 31. f6+ Kf8 32. Kf1 Bd4 33. R1a6 Bc5 34. Ke2 Bd4 35. Kf3 e4+ 36. dxe4 Bxf6 37. Rxe8+ Kxe8 38. Rxb6 Be5 39. Rc6 Kd7 40. Rc4 Bd6 41. b6 Ke7 42. b7 Kd7 43. Rxb4 1-0

[Event "Toronto NAYCC U14 Girls"]
[Site "Toronto"]
[Date "2013.08.18"]
[Round "8"]
[White "Zhou, Qiyu"]
[Black "Kulkarni, Soumya"]
[Result "1-0"]
[WhiteElo "2119"]
[BlackElo "1769"]
[PlyCount "49"]
[EventDate "2013.08.14"]
[EventType "swiss"]
[EventRounds "9"]
[EventCountry "CAN"]
[SourceTitle "EXT 2022"]
[Source "ChessBase"]
[SourceDate "2021.10.06"]
[SourceVersion "1"]
[SourceVersionDate "2021.10.06"]
[SourceQuality "1"]

1. e4 e5 2. Nf3 Nc6 3. Bb5 a6 4. Ba4 Nf6 5. 0-0 b5 6. Bb3 Bc5 7. Nxe5 Nxe5 8. d4 Bxd4 9. Qxd4 Qe7 10. f4 Nc6 11. Qc3 b4 12. Qg3 Nxe4 13. Qxg7 Qf6 14. Bxf7+ Ke7 15. Qxf6+ Nxf6 16. Bc4 Re8 17. Be3 Kf8 18. Bf2 Kg7 19. Nd2 Bb7 20. Rae1 Na5 21. Bd3 Rg8 22. Bc5 Kh8 23. Ne4 Kg7 24. Bxb4 Nc6 25. Bc3 1-0